Name the Marvel Cinematic Universe (MCU) Movies in Order - Statistics

General Stats
  • This quiz has been taken 115 times
    45 since last reset
  • The average score is 30 of 37
Answer Stats
Year Movie % Correct
2008 Iron Man
100%
2010 Iron Man 2
93%
2008 The Incredible Hulk
93%
2011 Thor
93%
2011 Captain America: The First Avenger
90%
2013 Iron Man 3
90%
2012 The Avengers
90%
2014 Captain America: The Winter Soldier
88%
2015 Ant-Man
85%
2018 Ant-Man and the Wasp
85%
2015 Avengers: Age of Ultron
85%
2018 Black Panther
85%
2016 Captain America: Civil War
85%
2019 Captain Marvel
85%
2016 Doctor Strange
85%
2017 Spider-Man: Homecoming
85%
2013 Thor: The Dark World
85%
2014 Guardians of the Galaxy
83%
2019 Avengers: Endgame
80%
2018 Avengers: Infinity War
80%
2021 Black Widow
80%
2017 Guardians of the Galaxy Vol. 2
80%
2019 Spider-Man: Far From Home
80%
2017 Thor: Ragnarok
80%
2022 Black Panther: Wakanda Forever
78%
2021 Shang-Chi and the Legend of the Ten Rings
78%
2021 Spider-Man: No Way Home
78%
2025 Thunderbolts*
78%
2022 Doctor Strange in the Multiverse of Madness
76%
2021 Eternals
76%
2023 The Marvels
76%
2022 Thor: Love and Thunder
76%
2023 Guardians of the Galaxy Vol. 3
73%
2023 Ant-Man and the Wasp: Quantumania
68%
2025 Captain America: Brave New World
68%
2024 Deadpool and Wolverine
68%
2025 The Fantastic Four: First Steps
63%
No matching quizzes found
Score Distribution
Percent of People with Each Score
Percentile by Number Answered
Your Score History
You have not taken this quiz since the last reset